| 000 | 00546cam a2200193 4500 | ||
|---|---|---|---|
| 001 | Abs63618 | ||
| 008 | 000000n2000 000 0 eng u | ||
| 035 | _a(Sirsi) u111858 | ||
| 100 | _aCockburn, R. | ||
| 245 | _aTax changes for company cars | ||
| 260 | _c2000 | ||
| 490 |
_aChartered Secretary _vDecember 2000, 25(1) |
||
| 520 | _aRecent changes to the tax and national insurance rules on company cars. | ||
| 650 | _aCOMPANY CARS | ||
| 650 | _aMILEAGE ALLOWANCES | ||
| 650 | _aLEASING ARRANGEMENTS | ||
| 690 | _aTAXATION | ||
| 942 | _n0 | ||
| 999 |
_c66661 _d66661 |
||